La imprenta en Manila, desde sus orígenes hasta 1810

Gespeichert in:
Bibliographische Detailangaben
Format: Buch
Sprache:Spanisch
Veröffentlicht: Santiago Casa del autor 1896
Ausgabe:1a. ed
Schlagworte:
Tags: Tag hinzufügen
Keine Tags, Fügen Sie den ersten Tag hinzu!

MARC

LEADER 00000nam a2200000 a 4500
001 UCJ6039
003 CL-VaPUC
005 20250326130242.0
008 070124e18960000CL |||||||||||||||||spa|d
999 |c 322147  |d 322145 
040 |c Pontificia Universidad Católica de Valparaíso 
082 0 4 |a 983  |b MED  |2 21 
245 1 3 |a La imprenta en Manila, desde sus orígenes hasta 1810 
250 |a 1a. ed 
260 |a Santiago  |b Casa del autor  |c 1896 
300 |a xcvi, 280 p 
500 |a Diego Barros Arana se negó a que este libro fuera publicado en los Anales de la Universidad de Chile; en el colofón, figura, por error de impresión, 1596 como año de impresión y no 1896 como en efecto es. Chiappa, N§ 48 
583 |a last modification  |c 20180226 01:19:55  |k Rodrigo Vera 
600 0 7 |a RETANA, W. E.  |2 CL-VaPUC  |9 512225 
650 0 |a Bibliografías   |9 257071 
650 0 |a Imprenta  |9 265883 
650 7 |a FACSIMILES  |2 CL-VaPUC  |9 460925 
650 7 |a MARCA TIPOGRAFICA  |2 CL-VaPUC  |9 506100 
651 0 |a Filipinas  |9 258491 
651 7 |a MANILA  |2 CL-VaPUC  |9 507163 
942 |c BK  |2 ddc 
945 |d 20070124 00:00:00  |a rinostro 
952 |0 0  |1 0  |4 0  |6 983_000000000000000_MED_1896  |7 0  |8 X  |9 401071  |a FDOBUD  |b FDOBUD  |d 2019-11-22  |i 1042947  |o 983 MED 1896  |p 1042947  |r 2019-11-22  |w 2019-11-22  |y BK_X  |k BUD